01408nam a2200361 a 450000100060000000300080000600500170001400600190003100700150005000800410006502000180010603500230012403500240014703500250017103500210019604000260021705000230024308000100026608200150027624502140029126000600050530000110056549000520057653301640062865000290079265000370082165500270085870000320088570000310091771000190094885600620096799900170102960384FlNmELB20241217142100.0m o d | cr cn|||||||||201211r2012 ck |||||s|||||||||||spa d z9789587412604 a(MiAaPQ)EBC3203875 a(Au-PeEL)EBL3203875 a(CaPaEBR)ebr10624501 a(OCoLC)929378124 aFlNmELBbspacFlNmELB 4aQA135.5bF797 2012 a37:5104a372.7222204aLos fraccionarios en primariah[recurso electronico] :bretos, experiencias didácticas y alianzas para aprender matemáticas con sentido /ced., Judith Arteta Vargas ; Rafael Escudero Trujillo ... [et al.]. aBarranquilla :bEditorial Universidad del Norte,c2012. a172 p.0 aDidácticas de la ciencias y las matemáticas aRecurso electrónico. Santa Fe, Arg.: e-libro, 2015. Disponible vía World Wide Web. El acceso puede estar limitado para las bibliotecas afiliadas a e-libro. 4aFraccionesxEnseñanza. 4aMathematicsxStudy and teaching. 4aLibros electrónicos.1 aArteta Vargas, Judith,eed.1 aEscudero Trujillo, Rafael.2 ae-libro, Corp.40uhttps://elibro.net/ereader/politecnicointernacional/69871 c60384d60384